00491nam a2200145Ia 4500008004100000041000800041082001500049100001700064245004500081260003900126300003000165365001100195999001700206952012200223240624s9999 xx 000 0 und d aeng a658.45 DAV aDAVIS ALISON aDEFINITIVE GUIDE TO HR COMMUNICATION ENG c2012aNew DelhibPearson Education axx, : 295 : p. : cm. ; 23 cRSb30 c18985d18985 00104070aIMTNbIMTNcRack 32-Ad2012-05-03eIBHg625.00o658.45 DAVp18985r2024-06-24 00:00:00t1w2024-06-24yBK